00276nam a2200097Ia 4500008004100000100001500041245004800056260004800104260000900152999001700161170620s9999 xx 000 0 und d aRay- S. K. 0aTransport Planning for Developing Countries bNew Delhi- Prentice Hall of India Pvt. Ltd. c1997 c23757d23757